Allocation of Investment Assets by Fuzzy Logic

Salvato in:
Dettagli Bibliografici
Autore principale: Martinus, Richard, 1999-
Natura: Capitolo di libro
Lingua:inglese
Soggetti:
Tags: Aggiungi Tag
Nessun Tag, puoi essere il primo ad aggiungerne!!

MARC

LEADER 00000naa$a2200000$$$4500
001 0305679
005 20250128100905.8
041 0 |a eng 
044 |a SK 
245 1 0 |a Allocation of Investment Assets by Fuzzy Logic  |c Richard Martinus 
500 |a Abstrakt 
610 2 0 |a alokácia 
610 2 0 |a investície 
610 2 0 |a aktíva 
100 1 |a Martinus, Richard, 1999-